000 01027nam a2200265 a 4500
005 20161213153713.0
008 140311b2002 pe a||||r|||| 00| 0 eng d
020 _a9972778060
040 _aCO-BoIAVH
_cCO-BoIAVH
041 0 _aeng
044 _ape
082 0 4 _a598.0985
_bW17f
100 1 _aWalker, Barry
_eautor
245 1 0 _aField guide to the birds of the Machu Picchu :
_bHistorical Sanctury, Peru
246 1 4 _aField guide to the birds of the Machu Picchu, Peru
260 _aLima (Perú) :
_bPROFONANPE :
_bPrograma Machu Picchu :
_bINAENA,
_c2002.
300 _a217 páginas :
_bilustraciones a color ;
_c23 x 15 cm.
500 _aIncluye glosario e índice de nombres.
504 _aIncluye referencias bibliográficas.
650 2 6 _aAves
_xTaxonomía
_zMachu Picchu (Perú)
_vGuías
650 2 6 _aAves
_xidentificación
_zMachu Picchu (Perú)
_vGuías
650 2 6 _aAves
_xEspecies
_zMachu Picchu (Perú)
_vGuías
700 1 _aFjeldsa, Jon
_eilustrador
942 _cLIBRO
_2ddc
999 _c3443
_d3443